Forecasting financial markets in India / (Record no. 38111)

MARC details
000 -LEADER
fixed length control field 00761nam a22002057a 4500
005 - DATE AND TIME OF LATEST TRANSACTION
control field 20100728151233.0
010 ## - LCCN (DPL NO)
LC control number ENG-97308
020 ## - INTERNATIONAL STANDARD BOOK NUMBER
International Standard Book Number 9788184244267
Terms of availability 200.00
035 ## - SYSTEM CONTROL NUMBER
System control number EN-80841
037 ## - SOURCE OF ACQUISITION
Source of stock number/acquisition DBAD/PUB
082 ## - DEWEY DECIMAL CLASSIFICATION NUMBER
Classification number 332.10954
245 ## - TITLE STATEMENT
Title Forecasting financial markets in India /
Statement of responsibility, etc edited by Rudra P. Pradhan
260 ## - PUBLICATION, DISTRIBUTION, ETC. (IMPRINT)
Place of publication, distribution, etc New Delhi
Name of publisher, distributor, etc Allied Publishers
Date of publication, distribution, etc 2009
270 ## - ADDRESS
Address A-104, Mayapuri Phase - II
City New Delhi
Postal code 110064
300 ## - PHYSICAL DESCRIPTION
Extent viii, 209p.:
Other physical details ill.
Dimensions 28cm, (Hb)
500 ## - GENERAL NOTE
General note includes index
700 ## - ADDED ENTRY--PERSONAL NAME
Personal name Pradhan, Rudra P.
9 (RLIN) 2171
942 ## - ADDED ENTRY ELEMENTS (KOHA)
Source of classification or shelving scheme Dewey Decimal Classification
Item type English Books
Classification part 332.10954
Call number suffix FOR
Holdings
Withdrawn status Lost status Not for loan Collection code Home library Current library Date acquired Source of acquisition Cost, normal purchase price Full call number Barcode Copy number Cost, replacement price Koha item type
    Not For Loan Non-fiction D.B.Act.Division D.B.Act.Division 28/07/2010 DBAD/PUB 200.00 332.10954 FOR EN-80841 1 200.00 English Books

© Delhi Public Library
Hit Counter
free hit counter